000 00940nam a2200301 a 4500
008
020 _a1412902770 (pbk.)
049 _aMAIN
090 _aRC537
_bGIL
100 1 _aGilbert, Paul.
245 1 0 _aPsychotherapy and counselling for depression /
_cPaul Gilbert.
250 _a3rd ed.
260 _aLos Angeles :
_bSAGE,
_c2007.
300 _axvi, 402 p. :
_bill. ;
_c25cm.
440 0 _aCounselling in practice.
500 _aIncludes index.
500 _aRev. ed. of: Counselling for depression / Paul Gilbert. 2nd ed. 2000.
504 _aIncludes bibliographical references.
650 1 2 _aDepressive Disorder
_xpsychology.
650 2 2 _aCounseling
_xmethods.
650 0 _aDepressed persons
_xCounseling of.
700 1 _aGilbert, Paul.
907 _a.b1029725x
_b17-07-12
_c26-05-11
003
005 20230120204103.0
040 _cNUST
942 _cBOOKS
_kRC537
_mGIL
999 _c116860
_d116860